000 00588nam a2200205 i 4500
001 17076
003 ES-MaACL
005 20250804042954.0
007 t|
008 001218s2000 sp ||||1| spa d
020 _a84-306-0379-4
080 _a821.133.1-4"19"
100 1 _aCioran, E. M.
_938864
245 1 3 _aEl aciago demiurgo /
_cE.M. Cioran ; versión castellana de Fernando Savater.
260 _aMadrid :
_bTaurus,
_c[2000]
300 _a141 p. ;
_c22 cm.
700 1 _aSavater, Fernando,
_d1947-
_9104053
852 _aES-MaACL
_jL-23982
_bR.129204
999 _c17076
_d17076